De Arenilla a Guadalupe (Registro nro. 3071)
[ vista simple ]
| 000 -CABECERA | |
|---|---|
| campo de control de longitud fija | 01021aam a2200325 4500 |
| 005 - FECHA Y HORA DE ACTUALIZACIÓN | |
| campo de control | 20161012095329.0 |
| 008 - LONGITUD FIJA | |
| campo de control de longitud fija | 150625b xxu||||| |||| 00| 0 spa d |
| 041 ## - IDIOMA | |
| Código de idioma del texto/pista de sonido o título separado | |
| 082 ## - CLASIFICACIÓN DECIMAL DEWEY | |
| Número de clasificación | 972.862 A696a |
| 100 ## - AUTOR PERSONAL | |
| Nombre de persona | Arias Martinez, Ricardo |
| 245 ## - TÍTULO PROPIAMENTE DICHO | |
| Título | De Arenilla a Guadalupe |
| 260 ## - PIE DE IMPRENTA | |
| Lugar de publicación, distribución, etc. | Costa Rica |
| Nombre del editor, distribuidor, etc. | Litografía Hidalgo |
| Fecha de publicación, distribución, etc. | 1990 |
| 300 ## - DESCRIPCIÓN FÍSICA | |
| Extensión | 91 páginas |
| 650 ## - Materia General | |
| Materia general | COSTA RICA |
| 650 ## - Materia General | |
| Materia general | CARTAGO |
| 650 ## - Materia General | |
| Materia general | ESCRITORES CARTAGINESES |
| 650 ## - Materia General | |
| Materia general | HISTORIA Y GEOGRAFÍA |
| 650 ## - Materia General | |
| Materia general | ORIGEN DEL NOMBRE GUADALUPE |
| 650 ## - Materia General | |
| Materia general | ARENILLA |
| 650 ## - Materia General | |
| Materia general | GUADALUPE |
| 650 ## - Materia General | |
| Materia general | ESCUELA DE GUADALUPE |
| 650 ## - Materia General | |
| Materia general | VIEJO TEMPLO DE GUADALUPE |
| 650 ## - Materia General | |
| Materia general | TEMPLO ACTUAL DE GUADALUPE |
| 650 ## - Materia General | |
| Materia general | PARROQUIA |
| 650 ## - Materia General | |
| Materia general | FORJADORES DE LA PARROQUIA |
| 650 ## - Materia General | |
| Materia general | PRESBÍTERO JUAN DE DIOS TREJOS |
| 650 ## - Materia General | |
| Materia general | DON FEDERICO MONGE |
| 650 ## - Materia General | |
| Materia general | MONSEÑOR TREJOS |
| 942 ## - Punto de Acceso Adicional Koha | |
| Tipo de ítem Koha | Libro |
| Estado perdido | Estado dañado | No para préstamo | Biblioteca permanente | Biblioteca actual | Signatura completa | Código de barras | Precio efectivo a partir del | Tipo de ítem |
|---|---|---|---|---|---|---|---|---|
| Departamento de Biblioteca y Documentación Alfonso Chase Brenes | Departamento de Biblioteca y Documentación Alfonso Chase Brenes | 972.862 A696a | 17807 | 03/08/2016 | Libro |